000
00321nam a22001337a 4500
008
170421b xxu||||| |||| 00| 0 eng d
020
_a
9780309063647
041
_a
eng
080
_a
573
100
_a
11
101
_a
SHM
245
_a
TEACHING ABOUT EVOLUTION AND THE NATURE SCIENCE
_c
KENEDY.D
942
_2
udc
_c
BK
999
_c
11549
_d
11549